000 00775nam a2200229 i 4500
001 113539
003 ES-MaACL
005 20250815004210.0
007 t|
008 061121s1971 sp r ||||1| spa d
080 _a94(100)"18/19"
100 1 _aPabón y Suárez de Urbina, Jesús,
_d1902-1976
_988103
245 1 3 _aLa subversión contemporánea y otros estudios /
_cJesús Pabón.
260 _aMadrid :
_bNarcea,
_cD. L. 1971.
300 _a262 p. ;
_c18 cm.
490 1 _aBitácora. Biblioteca del estudiante ;
_v13
650 7 _aHistoria contemporánea
_2embne
_913393
830 0 _aBitácora. Biblioteca del estudiante ;
_v13
_9181903
852 _aES-MaACL
_jC-45918
_bR.78723
852 _aES-MaACL
_jE-13945
_xOlim P-1892
999 _c113539
_d113539